| 000 | 00497nam a2200169 4500 | ||
|---|---|---|---|
| 001 | 126890 | ||
| 003 | ES-MaACL | ||
| 005 | 20251015063127.0 | ||
| 007 | t| | ||
| 008 | 070214s1961 sp r ||||1| spa d | ||
| 100 | 0 |
_aRey Carrera, Juan _996504 |
|
| 245 | 1 | 0 |
_aPor qué luchó un millón de muertos _b: (documentos inéditos) / _cJuan Rey. |
| 260 |
_aSantander : _bSal Terrae, _c1961. |
||
| 300 |
_a306 p. ; _c18 cm. |
||
| 852 |
_aES-MaACL _jC-21222 _bR.49693 |
||
| 999 |
_c126890 _d126890 |
||